[Event "ODJM A 2023"]
[Site "Willingen GER"]
[Date "2023.05.31"]
[Round "6"]
[White "Meyer, Emil"]
[Black "Stegert, Jonas"]
[Result "0-1"]
[Termination "normal"]
[Board "25"]
[WhiteElo "1825"]
[BlackElo "1838"]
[WhiteClock "00:01:41"]
[BlackClock "00:12:41"]
[PlyCount "80"]
[WhiteFideId "34625771"]
[BlackFideId "16247965"]
[EventCountry "GER"]
[EventRounds "9"]
[EventType "swiss"]
[EventDate "2023.05.27"]

1. e4 {[%clk 01:30:55]} {[%emt 00:00:04]} e5 {[%clk 01:30:56]} {[%emt
00:00:05]} 2. Nf3 {[%clk 01:31:20]} {[%emt 00:00:04]} Nf6 {[%clk 01:31:23]}
{[%emt 00:00:05]} 3. Nxe5 {[%clk 01:31:41]} {[%emt 00:00:09]} d6 {[%clk
01:31:50]} {[%emt 00:00:03]} 4. Nf3 {[%clk 01:32:05]} {[%emt 00:00:05]} Nxe4
{[%clk 01:32:10]} {[%emt 00:00:11]} 5. Nc3 {[%clk 01:32:31]} {[%emt 00:00:04]}
Nxc3 {[%clk 01:32:34]} {[%emt 00:00:05]} 6. dxc3 {[%clk 01:32:58]} {[%emt
00:00:04]} Be7 {[%clk 01:32:58]} {[%emt 00:00:06]} 7. Bf4 {[%clk 01:33:24]}
{[%emt 00:00:03]} Nc6 {[%clk 01:33:19]} {[%emt 00:00:10]} 8. Qd2 {[%clk
01:33:49]} {[%emt 00:00:04]} Be6 {[%clk 01:33:39]} {[%emt 00:00:11]} 9. O-O-O
{[%clk 01:33:55]} {[%emt 00:00:24]} Qd7 {[%clk 01:33:46]} {[%emt 00:00:23]} 10.
h4 {[%clk 01:34:01]} {[%emt 00:00:23]} Bf6 {[%clk 01:34:10]} {[%emt 00:00:06]}
11. Kb1 {[%clk 01:29:15]} {[%emt 00:05:16]} O-O-O {[%clk 01:34:31]} {[%emt
00:00:10]} 12. Ng5 {[%clk 01:27:07]} {[%emt 00:02:37]} Bf5 {[%clk 01:27:44]}
{[%emt 00:07:18]} 13. Be2 {[%clk 01:12:19]} {[%emt 00:15:17]} h6 {[%clk
01:24:07]} {[%emt 00:04:09]} 14. Nf3 {[%clk 01:12:06]} {[%emt 00:00:42]} Kb8
{[%clk 01:23:10]} {[%emt 00:01:27]} 15. Nd4 {[%clk 01:10:42]} {[%emt 00:01:53]}
Nxd4 {[%clk 01:23:13]} {[%emt 00:00:28]} 16. cxd4 {[%clk 01:10:54]} {[%emt
00:00:18]} d5 {[%clk 01:23:37]} {[%emt 00:00:06]} 17. Be5 {[%clk 01:03:33]}
{[%emt 00:07:50]} Qe7 {[%clk 01:22:23]} {[%emt 00:01:45]} 18. Bxf6 {[%clk
00:54:46]} {[%emt 00:09:17]} Qxf6 {[%clk 01:20:59]} {[%emt 00:01:55]} 19. Bf3
{[%clk 00:55:08]} {[%emt 00:00:07]} Rhe8 {[%clk 01:21:02]} {[%emt 00:00:27]}
20. h5 {[%clk 00:48:33]} {[%emt 00:07:04]} Be4 {[%clk 01:18:57]} {[%emt
00:02:36]} 21. Bxe4 {[%clk 00:47:13]} {[%emt 00:01:50]} Rxe4 {[%clk 01:19:20]}
{[%emt 00:00:07]} 22. f3 {[%clk 00:47:23]} {[%emt 00:00:20]} Re6 {[%clk
01:19:15]} {[%emt 00:00:35]} 23. Rde1 {[%clk 00:39:17]} {[%emt 00:08:35]} Rde8
{[%clk 01:18:46]} {[%emt 00:01:00]} 24. Rxe6 {[%clk 00:39:32]} {[%emt
00:00:14]} Qxe6 {[%clk 01:19:11]} {[%emt 00:00:06]} 25. Kc1 {[%clk 00:38:52]}
{[%emt 00:01:09]} Kc8 {[%clk 01:03:27]} {[%emt 00:16:15]} 26. Kd1 {[%clk
00:30:30]} {[%emt 00:08:52]} Kd7 {[%clk 01:02:15]} {[%emt 00:01:43]} 27. Qd3
{[%clk 00:29:06]} {[%emt 00:01:53]} c6 {[%clk 00:56:37]} {[%emt 00:06:09]} 28.
c3 {[%clk 00:26:31]} {[%emt 00:03:04]} Qe3 {[%clk 00:50:09]} {[%emt 00:06:58]}
29. Qxe3 {[%clk 00:24:34]} {[%emt 00:02:27]} Rxe3 {[%clk 00:50:08]} {[%emt
00:00:32]} 30. Kd2 {[%clk 00:24:56]} {[%emt 00:00:08]} Re6 {[%clk 00:50:32]}
{[%emt 00:00:06]} 31. g4 {[%clk 00:24:23]} {[%emt 00:01:02]} Ke7 {[%clk
00:45:37]} {[%emt 00:05:26]} 32. Re1 {[%clk 00:21:07]} {[%emt 00:03:45]} Rxe1
{[%clk 00:36:18]} {[%emt 00:09:49]} 33. Kxe1 {[%clk 00:21:26]} {[%emt
00:00:11]} f5 {[%clk 00:32:32]} {[%emt 00:04:16]} 34. Kf2 {[%clk 00:20:05]}
{[%emt 00:01:51]} Kf6 {[%clk 00:21:58]} {[%emt 00:11:05]} 35. Kg3 {[%clk
00:19:34]} {[%emt 00:01:00]} Kg5 {[%clk 00:19:00]} {[%emt 00:03:29]} 36. b3
{[%clk 00:13:06]} {[%emt 00:06:58]} b6 {[%clk 00:17:07]} {[%emt 00:02:23]} 37.
a3 {[%clk 00:05:08]} {[%emt 00:08:28]} b5 {[%clk 00:15:46]} {[%emt 00:01:52]}
38. a4 {[%clk 00:01:40]} {[%emt 00:03:58]} a5 {[%clk 00:13:19]} {[%emt
00:02:57]} 39. Kf2 {[%clk 00:01:19]} {[%emt 00:00:50]} fxg4 {[%clk 00:13:08]}
{[%emt 00:00:42]} 40. fxg4 {[%clk 00:01:41]} {[%emt 00:00:07]} bxa4 {[%clk
00:12:41]} {[%emt 00:00:58]} 0-1

[Event "ODJM A 2023"]
[Site "Willingen GER"]
[Date "2023.05.31"]
[Round "6"]
[White "Hahn, Peter"]
[Black "Loheide, Michel"]
[Result "0-1"]
[Termination "normal"]
[Board "26"]
[WhiteElo "1814"]
[BlackElo "1876"]
[WhiteClock "00:25:17"]
[BlackClock "00:17:23"]
[PlyCount "62"]
[WhiteFideId "34627316"]
[BlackFideId "34633570"]
[EventCountry "GER"]
[EventRounds "9"]
[EventType "swiss"]
[EventDate "2023.05.27"]

1. d4 {[%clk 01:30:58]} {[%emt 00:00:02]} Nf6 {[%clk 01:30:52]} {[%emt
00:00:09]} 2. c4 {[%clk 01:31:24]} {[%emt 00:00:04]} g6 {[%clk 01:31:15]}
{[%emt 00:00:06]} 3. Nc3 {[%clk 01:31:50]} {[%emt 00:00:04]} d5 {[%clk
01:31:41]} {[%emt 00:00:04]} 4. cxd5 {[%clk 01:32:07]} {[%emt 00:00:13]} Nxd5
{[%clk 01:32:04]} {[%emt 00:00:06]} 5. e4 {[%clk 01:32:34]} {[%emt 00:00:04]}
Nxc3 {[%clk 01:32:29]} {[%emt 00:00:05]} 6. bxc3 {[%clk 01:33:01]} {[%emt
00:00:04]} Bg7 {[%clk 01:32:54]} {[%emt 00:00:05]} 7. Nf3 {[%clk 01:33:19]}
{[%emt 00:00:12]} O-O {[%clk 01:33:17]} {[%emt 00:00:06]} 8. Be2 {[%clk
01:33:37]} {[%emt 00:00:12]} c5 {[%clk 01:33:14]} {[%emt 00:00:33]} 9. Rb1
{[%clk 01:34:02]} {[%emt 00:00:06]} Qa5 {[%clk 01:25:03]} {[%emt 00:08:40]} 10.
Qd2 {[%clk 01:32:06]} {[%emt 00:02:27]} a6 {[%clk 01:20:09]} {[%emt 00:05:25]}
11. Rb3 {[%clk 01:26:00]} {[%emt 00:06:35]} b5 {[%clk 01:10:05]} {[%emt
00:10:33]} 12. Ba3 {[%clk 01:13:14]} {[%emt 00:13:18]} cxd4 {[%clk 00:49:50]}
{[%emt 00:20:44]} 13. cxd4 {[%clk 01:13:25]} {[%emt 00:00:19]} Qxd2+ {[%clk
00:49:27]} {[%emt 00:00:53]} 14. Kxd2 {[%clk 01:13:33]} {[%emt 00:00:22]} Bb7
{[%clk 00:49:39]} {[%emt 00:00:17]} 15. d5 {[%clk 01:11:46]} {[%emt 00:02:18]}
Nd7 {[%clk 00:46:21]} {[%emt 00:03:47]} 16. Bd3 {[%clk 00:50:14]} {[%emt
00:22:02]} Rfe8 {[%clk 00:44:44]} {[%emt 00:02:07]} 17. Ke2 {[%clk 00:42:59]}
{[%emt 00:07:47]} Rac8 {[%clk 00:42:34]} {[%emt 00:02:38]} 18. Rbb1 {[%clk
00:41:30]} {[%emt 00:02:00]} Bh6 {[%clk 00:27:50]} {[%emt 00:15:13]} 19. g4
{[%clk 00:39:31]} {[%emt 00:02:30]} Bf4 {[%clk 00:25:56]} {[%emt 00:02:22]} 20.
g5 {[%clk 00:37:03]} {[%emt 00:02:59]} e6 {[%clk 00:24:39]} {[%emt 00:01:47]}
21. dxe6 {[%clk 00:26:09]} {[%emt 00:11:24]} Rxe6 {[%clk 00:24:55]} {[%emt
00:00:14]} 22. Rb4 {[%clk 00:25:17]} {[%emt 00:01:23]} Bd6 {[%clk 00:21:06]}
{[%emt 00:04:18]} 23. Rd4 {[%clk 00:25:28]} {[%emt 00:00:20]} Bxa3 {[%clk
00:20:39]} {[%emt 00:00:57]} 24. Rxd7 {[%clk 00:25:53]} {[%emt 00:00:04]} Bxe4
{[%clk 00:20:48]} {[%emt 00:00:22]} 25. Bxe4 {[%clk 00:26:16]} {[%emt
00:00:07]} Rxe4+ {[%clk 00:21:12]} {[%emt 00:00:05]} 26. Kd3 {[%clk 00:26:36]}
{[%emt 00:00:11]} Re6 {[%clk 00:20:04]} {[%emt 00:01:37]} 27. Nd4 {[%clk
00:24:39]} {[%emt 00:02:28]} Rd6 {[%clk 00:20:01]} {[%emt 00:00:32]} 28. Rxd6
{[%emt 00:00:06]} Bxd6 {[%clk 00:20:30]} 29. h4 {[%clk 00:25:24]} {[%emt
00:00:10]} Rc4 {[%clk 00:19:48]} {[%emt 00:01:11]} 30. Nb3 {[%clk 00:25:08]}
{[%emt 00:00:47]} Ra4 {[%clk 00:19:10]} {[%emt 00:01:07]} 31. h5 {[%clk
00:25:17]} {[%emt 00:00:22]} gxh5 {[%clk 00:17:23]} {[%emt 00:02:17]} 0-1

[Event "ODJM A 2023"]
[Site "Willingen GER"]
[Date "2023.05.31"]
[Round "6"]
[White "Ruddat, Jarne"]
[Black "Möller, Tom"]
[Result "1/2-1/2"]
[Termination "normal"]
[Board "27"]
[WhiteElo "1846"]
[BlackElo "1417"]
[WhiteClock "00:38:52"]
[BlackClock "00:05:43"]
[PlyCount "92"]
[WhiteFideId "16254236"]
[BlackFideId "16287215"]
[EventCountry "GER"]
[EventRounds "9"]
[EventType "swiss"]
[EventDate "2023.05.27"]

1. e4 {[%clk 01:30:58]} {[%emt 00:00:02]} d5 {[%clk 01:30:51]} {[%emt
00:00:10]} 2. exd5 {[%clk 01:31:19]} {[%emt 00:00:09]} Qxd5 {[%clk 01:31:17]}
{[%emt 00:00:04]} 3. Nc3 {[%clk 01:31:43]} {[%emt 00:00:05]} Qa5 {[%clk
01:31:20]} {[%emt 00:00:27]} 4. d4 {[%clk 01:31:43]} {[%emt 00:00:30]} Bf5
{[%clk 01:28:00]} {[%emt 00:03:49]} 5. Nf3 {[%clk 01:29:16]} {[%emt 00:02:58]}
e6 {[%clk 01:26:06]} {[%emt 00:02:25]} 6. Bd2 {[%clk 01:26:08]} {[%emt
00:03:38]} c6 {[%clk 01:24:29]} {[%emt 00:02:06]} 7. Bc4 {[%clk 01:23:01]}
{[%emt 00:03:37]} Be7 {[%clk 01:22:27]} {[%emt 00:02:32]} 8. O-O {[%clk
01:22:04]} {[%emt 00:01:27]} Qc7 {[%clk 01:20:09]} {[%emt 00:02:48]} 9. Re1
{[%clk 01:15:15]} {[%emt 00:07:19]} Nf6 {[%clk 01:17:51]} {[%emt 00:02:48]} 10.
Ne5 {[%clk 01:12:24]} {[%emt 00:03:21]} Nbd7 {[%clk 01:06:13]} {[%emt
00:12:08]} 11. Bf4 {[%clk 01:09:25]} {[%emt 00:03:29]} Bd6 {[%clk 00:59:03]}
{[%emt 00:07:40]} 12. Bd3 {[%clk 01:04:27]} {[%emt 00:05:28]} Bxd3 {[%clk
00:53:31]} {[%emt 00:06:02]} 13. Qxd3 {[%clk 01:02:54]} {[%emt 00:02:03]} Nh5
{[%clk 00:48:15]} {[%emt 00:05:46]} 14. Bg3 {[%clk 00:56:41]} {[%emt 00:06:42]}
Nxg3 {[%clk 00:43:46]} {[%emt 00:04:59]} 15. Qxg3 {[%clk 00:55:44]} {[%emt
00:01:28]} O-O {[%clk 00:42:52]} {[%emt 00:01:24]} 16. Qe3 {[%clk 00:54:57]}
{[%emt 00:01:17]} Rad8 {[%clk 00:39:43]} {[%emt 00:03:38]} 17. Nf3 {[%clk
00:43:30]} {[%emt 00:11:56]} Nf6 {[%clk 00:39:16]} {[%emt 00:00:58]} 18. g3
{[%clk 00:40:34]} {[%emt 00:03:26]} Bb4 {[%clk 00:27:27]} {[%emt 00:12:19]} 19.
a3 {[%clk 00:38:24]} {[%emt 00:02:41]} Be7 {[%clk 00:26:54]} {[%emt 00:01:01]}
20. Ne4 {[%clk 00:37:21]} {[%emt 00:01:33]} Rd7 {[%clk 00:25:20]} {[%emt
00:02:05]} 21. Ne5 {[%clk 00:36:44]} {[%emt 00:01:06]} Rd5 {[%clk 00:23:32]}
{[%emt 00:02:18]} 22. c3 {[%clk 00:35:24]} {[%emt 00:01:50]} Rfd8 {[%clk
00:22:58]} {[%emt 00:01:05]} 23. Ng5 {[%clk 00:32:40]} {[%emt 00:03:14]} Ng4
{[%clk 00:22:38]} {[%emt 00:00:50]} 24. Nxe6 {[%clk 00:32:16]} {[%emt
00:00:55]} Rxe5 {[%clk 00:20:43]} {[%emt 00:02:25]} 25. Nxc7 {[%clk 00:30:04]}
{[%emt 00:02:42]} Nxe3 {[%clk 00:18:57]} {[%emt 00:02:16]} 26. Rab1 {[%clk
00:27:57]} {[%emt 00:02:38]} Rh5 {[%clk 00:17:18]} {[%emt 00:02:09]} 27. Rxe3
{[%clk 00:27:20]} {[%emt 00:01:07]} Rd7 {[%clk 00:15:58]} {[%emt 00:01:51]} 28.
Rbe1 {[%clk 00:25:20]} {[%emt 00:02:30]} Kf8 {[%clk 00:16:16]} {[%emt
00:00:11]} 29. d5 {[%clk 00:24:55]} {[%emt 00:00:56]} Rh6 {[%clk 00:15:15]}
{[%emt 00:01:31]} 30. dxc6 {[%clk 00:20:19]} {[%emt 00:05:06]} Rxc7 {[%clk
00:15:38]} {[%emt 00:00:06]} 31. cxb7 {[%clk 00:20:34]} {[%emt 00:00:15]} Rxb7
{[%clk 00:16:04]} {[%emt 00:00:04]} 32. b4 {[%clk 00:20:38]} {[%emt 00:00:27]}
Rd6 {[%clk 00:14:54]} {[%emt 00:01:39]} 33. c4 {[%clk 00:20:54]} {[%emt
00:00:15]} Rbd7 {[%clk 00:15:11]} {[%emt 00:00:13]} 34. Kg2 {[%clk 00:20:40]}
{[%emt 00:00:44]} Rd3 {[%clk 00:14:54]} {[%emt 00:00:47]} 35. c5 {[%clk
00:20:44]} {[%emt 00:00:26]} Rxe3 {[%clk 00:13:18]} {[%emt 00:02:06]} 36. Rxe3
{[%clk 00:21:09]} {[%emt 00:00:06]} Rd4 {[%clk 00:10:10]} {[%emt 00:03:37]} 37.
Rc3 {[%clk 00:20:06]} {[%emt 00:01:32]} Ke8 {[%clk 00:08:57]} {[%emt 00:01:43]}
38. Kf3 {[%clk 00:19:16]} {[%emt 00:01:20]} Kd7 {[%clk 00:08:33]} {[%emt
00:00:54]} 39. Ke3 {[%clk 00:19:39]} {[%emt 00:00:07]} Bf6 {[%clk 00:08:46]}
{[%emt 00:00:16]} 40. Rd3 {[%clk 00:17:20]} {[%emt 00:02:50]} Rxd3+ {[%clk
00:09:10]} {[%emt 00:00:05]} 41. Kxd3 {[%clk 00:17:46]} {[%emt 00:00:04]} a5
{[%clk 00:17:27]} {[%emt 00:22:14]} 42. b5 {[%clk 00:40:55]} {[%emt 00:07:21]}
g5 {[%clk 00:11:13]} {[%emt 00:06:43]} 43. g4 {[%clk 00:39:13]} {[%emt
00:02:11]} Bb2 {[%clk 00:06:35]} {[%emt 00:05:09]} 44. a4 {[%clk 00:39:37]}
{[%emt 00:00:06]} Ba3 {[%clk 00:05:39]} {[%emt 00:01:26]} 45. Kc4 {[%clk
00:39:33]} {[%emt 00:00:34]} Bb4 {[%clk 00:05:55]} {[%emt 00:00:13]} 46. Kd5
{[%clk 00:38:52]} {[%emt 00:01:10]} Kc7 {[%clk 00:05:43]} {[%emt 00:00:42]}
1/2-1/2

[Event "ODJM A 2023"]
[Site "Willingen GER"]
[Date "2023.05.31"]
[Round "6"]
[White "Matthes, Benjamin"]
[Black "Schwarz, David"]
[Result "1-0"]
[Termination "normal"]
[Board "28"]
[WhiteElo "1816"]
[BlackElo "1431"]
[WhiteClock "00:32:00"]
[BlackClock "01:00:33"]
[PlyCount "55"]
[WhiteFideId "16227298"]
[BlackFideId "16287614"]
[EventCountry "GER"]
[EventRounds "9"]
[EventType "swiss"]
[EventDate "2023.05.27"]

1. e4 {[%clk 01:30:58]} {[%emt 00:00:01]} e5 {[%clk 01:30:58]} {[%emt
00:00:03]} 2. Nf3 {[%clk 01:31:22]} {[%emt 00:00:05]} Nc6 {[%clk 01:31:25]}
{[%emt 00:00:03]} 3. d4 {[%clk 01:31:45]} {[%emt 00:00:06]} exd4 {[%clk
01:31:51]} {[%emt 00:00:05]} 4. Bc4 {[%clk 01:32:11]} {[%emt 00:00:04]} Bb4+
{[%clk 01:32:15]} {[%emt 00:00:06]} 5. c3 {[%clk 01:32:36]} {[%emt 00:00:05]}
dxc3 {[%clk 01:32:41]} {[%emt 00:00:04]} 6. O-O {[%clk 01:33:00]} {[%emt
00:00:05]} Nge7 {[%clk 01:26:15]} {[%emt 00:06:57]} 7. bxc3 {[%clk 01:28:51]}
{[%emt 00:04:39]} Bc5 {[%clk 01:26:16]} {[%emt 00:00:29]} 8. Ng5 {[%clk
01:28:49]} {[%emt 00:00:31]} Ne5 {[%clk 01:24:58]} {[%emt 00:01:48]} 9. Nxf7
{[%clk 01:28:27]} {[%emt 00:00:50]} Nxf7 {[%clk 01:23:13]} {[%emt 00:02:18]}
10. Bxf7+ {[%clk 01:28:38]} {[%emt 00:00:19]} Kxf7 {[%clk 01:23:41]} {[%emt
00:00:02]} 11. Qh5+ {[%clk 01:28:59]} {[%emt 00:00:08]} g6 {[%clk 01:24:07]}
{[%emt 00:00:05]} 12. Qxc5 {[%clk 01:29:22]} {[%emt 00:00:07]} Re8 {[%clk
01:21:01]} {[%emt 00:03:37]} 13. f4 {[%clk 01:17:23]} {[%emt 00:12:29]} d6
{[%clk 01:18:11]} {[%emt 00:03:20]} 14. Qf2 {[%clk 01:14:13]} {[%emt 00:03:39]}
Kg8 {[%clk 01:10:19]} {[%emt 00:08:22]} 15. c4 {[%clk 01:09:52]} {[%emt
00:04:52]} c6 {[%clk 01:06:37]} {[%emt 00:04:12]} 16. Kh1 {[%clk 01:00:01]}
{[%emt 00:10:21]} Qb6 {[%clk 01:03:32]} {[%emt 00:03:35]} 17. Be3 {[%clk
00:56:52]} {[%emt 00:03:38]} Qa6 {[%clk 01:03:56]} {[%emt 00:00:06]} 18. Nd2
{[%clk 00:54:42]} {[%emt 00:02:41]} Be6 {[%clk 01:04:18]} {[%emt 00:00:08]} 19.
f5 {[%clk 00:48:44]} {[%emt 00:06:28]} gxf5 {[%clk 01:01:08]} {[%emt 00:03:40]}
20. Qg3+ {[%clk 00:47:40]} {[%emt 00:01:34]} Kf7 {[%clk 00:59:03]} {[%emt
00:02:36]} 21. Qh4 {[%clk 00:37:44]} {[%emt 00:10:26]} Rg8 {[%clk 00:59:20]}
{[%emt 00:00:13]} 22. Qh5+ {[%clk 00:37:09]} {[%emt 00:01:05]} Rg6 {[%clk
00:59:47]} {[%emt 00:00:02]} 23. exf5 {[%clk 00:33:53]} {[%emt 00:03:47]} Bxf5
{[%clk 01:00:13]} {[%emt 00:00:04]} 24. Rxf5+ {[%clk 00:31:54]} {[%emt
00:02:29]} Nxf5 {[%clk 01:00:38]} {[%emt 00:00:05]} 25. Qxf5+ {[%clk 00:31:51]}
{[%emt 00:00:32]} Rf6 {[%clk 01:00:58]} {[%emt 00:00:10]} 26. Qxh7+ {[%clk
00:32:06]} {[%emt 00:00:15]} Ke6 {[%clk 01:01:23]} {[%emt 00:00:04]} 27. Bd4
{[%clk 00:32:00]} {[%emt 00:00:36]} Raf8 {[%clk 01:00:33]} {[%emt 00:01:21]}
28. Re1# {[%emt 00:00:39]} 1-0

[Event "ODJM A 2023"]
[Site "Willingen GER"]
[Date "2023.05.31"]
[Round "6"]
[White "Tulchynsky, David"]
[Black "Andresen, Marc"]
[Result "1-0"]
[Termination "normal"]
[Board "29"]
[WhiteElo "1660"]
[BlackElo "1748"]
[WhiteClock "00:58:16"]
[BlackClock "00:18:12"]
[PlyCount "77"]
[WhiteFideId "16289560"]
[BlackFideId "16233719"]
[EventCountry "GER"]
[EventRounds "9"]
[EventType "swiss"]
[EventDate "2023.05.27"]

1. e4 {[%clk 01:30:59]} e5 {[%clk 01:30:49]} {[%emt 00:00:12]} 2. f4 {[%clk
01:31:27]} {[%emt 00:00:02]} exf4 {[%clk 01:31:12]} {[%emt 00:00:06]} 3. Nf3
{[%clk 01:31:54]} {[%emt 00:00:03]} Nf6 {[%clk 01:31:35]} {[%emt 00:00:07]} 4.
e5 {[%clk 01:32:22]} {[%emt 00:00:03]} Nh5 {[%clk 01:31:57]} {[%emt 00:00:08]}
5. Be2 {[%clk 01:32:49]} {[%emt 00:00:03]} g5 {[%clk 01:23:46]} {[%emt
00:08:41]} 6. O-O {[%clk 01:33:13]} {[%emt 00:00:06]} Nc6 {[%clk 01:21:29]}
{[%emt 00:02:47]} 7. d4 {[%clk 01:33:33]} {[%emt 00:00:11]} d5 {[%clk
01:20:47]} {[%emt 00:01:12]} 8. Qd3 {[%clk 01:28:49]} {[%emt 00:05:14]} Be6
{[%clk 01:17:32]} {[%emt 00:03:45]} 9. Qb5 {[%clk 01:23:56]} {[%emt 00:05:23]}
a6 {[%clk 01:16:05]} {[%emt 00:01:57]} 10. Qa4 {[%clk 01:21:31]} {[%emt
00:02:55]} g4 {[%clk 01:13:49]} {[%emt 00:02:46]} 11. c3 {[%clk 01:21:58]}
{[%emt 00:00:04]} gxf3 {[%clk 01:11:02]} {[%emt 00:03:17]} 12. Bxf3 {[%clk
01:22:23]} {[%emt 00:00:04]} b5 {[%clk 01:07:16]} {[%emt 00:04:16]} 13. Qd1
{[%clk 01:22:43]} {[%emt 00:00:10]} Ng7 {[%clk 01:07:34]} {[%emt 00:00:12]} 14.
Bxf4 {[%clk 01:23:01]} {[%emt 00:00:12]} Nf5 {[%clk 01:07:13]} {[%emt
00:00:51]} 15. a4 {[%clk 01:21:31]} {[%emt 00:02:01]} b4 {[%clk 01:05:59]}
{[%emt 00:01:45]} 16. Nd2 {[%clk 01:16:30]} {[%emt 00:05:30]} Rg8 {[%clk
01:04:13]} {[%emt 00:02:16]} 17. Qc2 {[%clk 01:15:24]} {[%emt 00:01:35]} Qh4
{[%clk 00:57:16]} {[%emt 00:07:27]} 18. g3 {[%clk 01:14:51]} {[%emt 00:01:04]}
Qxf4 {[%clk 00:57:23]} {[%emt 00:00:23]} 19. Bg2 {[%clk 01:13:35]} {[%emt
00:01:46]} Qe3+ {[%clk 00:56:04]} {[%emt 00:01:49]} 20. Kh1 {[%clk 01:13:49]}
{[%emt 00:00:16]} Nxg3+ {[%clk 00:42:02]} {[%emt 00:14:31]} 21. hxg3 {[%clk
01:14:10]} {[%emt 00:00:09]} Qxg3 {[%clk 00:42:16]} {[%emt 00:00:16]} 22. Nf3
{[%clk 01:13:49]} {[%emt 00:00:51]} Bf5 {[%clk 00:42:11]} {[%emt 00:00:36]} 23.
Qf2 {[%clk 01:13:56]} {[%emt 00:00:22]} Qxf2 {[%clk 00:42:28]} {[%emt
00:00:13]} 24. Rxf2 {[%clk 01:14:22]} {[%emt 00:00:05]} Be4 {[%clk 00:42:53]}
{[%emt 00:00:06]} 25. Raf1 {[%clk 01:13:14]} {[%emt 00:01:37]} Bh6 {[%clk
00:42:08]} {[%emt 00:01:15]} 26. Ne1 {[%clk 01:13:30]} {[%emt 00:00:14]} Bxg2+
{[%clk 00:42:27]} {[%emt 00:00:11]} 27. Nxg2 {[%clk 01:13:56]} {[%emt
00:00:04]} Rf8 {[%clk 00:34:46]} {[%emt 00:08:12]} 28. Rf6 {[%clk 01:13:25]}
{[%emt 00:01:00]} Bg5 {[%clk 00:32:03]} {[%emt 00:03:13]} 29. Rxc6 {[%clk
01:13:46]} {[%emt 00:00:10]} Kd7 {[%clk 00:32:27]} {[%emt 00:00:06]} 30. Rc5
{[%clk 01:13:58]} {[%emt 00:00:17]} Be7 {[%clk 00:28:47]} {[%emt 00:04:11]} 31.
Rxd5+ {[%clk 01:13:35]} {[%emt 00:00:53]} Kc8 {[%clk 00:27:47]} {[%emt
00:01:30]} 32. Re1 {[%clk 00:56:27]} {[%emt 00:17:38]} c6 {[%clk 00:20:57]}
{[%emt 00:07:20]} 33. Ra5 {[%clk 00:56:49]} {[%emt 00:00:08]} bxc3 {[%clk
00:21:17]} {[%emt 00:00:10]} 34. bxc3 {[%clk 00:57:14]} {[%emt 00:00:05]} c5
{[%clk 00:18:32]} {[%emt 00:03:16]} 35. d5 {[%clk 00:57:35]} {[%emt 00:00:08]}
Kb7 {[%clk 00:18:56]} {[%emt 00:00:06]} 36. Rb1+ {[%clk 00:57:40]} {[%emt
00:00:25]} Ka7 {[%clk 00:18:33]} {[%emt 00:00:53]} 37. d6 {[%clk 00:58:00]}
{[%emt 00:00:09]} Rab8 {[%clk 00:17:43]} {[%emt 00:01:21]} 38. Rxb8 {[%clk
00:58:05]} {[%emt 00:00:25]} Rxb8 {[%clk 00:18:12]} 39. Rxc5 {[%clk 00:58:16]}
{[%emt 00:00:19]} 1-0